Sports Quiz

Random Sports or NHL Quiz

Quick Pick: Athletes V Quiz Stats

 Plays Quiz not verified by Sporcle

Score 0/12 Timer 01:00
3 Plays Today
% Correct
Auto Racing
84.8%
Basketball
81%
Baseball
80.2%
Wrestling
76.1%
Tennis
75.7%
Boxing
74.6%
Soccer
73.4%
Football
72.8%
Golf
71.3%
Horse Racing
69.4%
Swimming
66.5%
Hockey
66.5%

You're not logged in!

Compare scores with friends on all Sporcle quizzes.
OR
Log In

Show Comments

Extras

Top Quizzes Today


Score Distribution

Your Account Isn't Verified!

In order to create a playlist on Sporcle, you need to verify the email address you used during registration. Go to your Sporcle Settings to finish the process.

Report this User

Report this user for behavior that violates our Community Guidelines.

Details: